[Event "HUN-chT2 Barcza 1718"]
[Site "Hungary"]
[Date "2017.12.03"]
[Round "5.12"]
[White "Csontos, Dominik"]
[Black "Kovacs, Gergely"]
[Result "1/2-1/2"]
[WhiteElo "1693"]
[BlackElo "1311"]
[PlyCount "70"]
[EventDate "2017.09.24"]
[EventType "team-tourn"]
[EventRounds "11"]
[EventCountry "HUN"]
[SourceTitle "EXT 2021"]
[Source "ChessBase"]
[SourceDate "2020.10.23"]
[SourceVersion "1"]
[SourceVersionDate "2020.10.23"]
[SourceQuality "1"]
[WhiteTeam "Mezokovesd"]
[BlackTeam "Bajnok Sakkiskola"]
[WhiteTeamCountry "HUN"]
[BlackTeamCountry "HUN"]

1. e4 e5 2. Nf3 Nc6 3. Bc4 Bc5 4. d3 h6 5. Nc3 Nf6 6. h3 d6 7. 0-0 0-0 8. Nd5 Be6 9. Nxf6+ Qxf6 10. Bxe6 fxe6 11. c3 a5 12. Qe2 Rf7 13. Be3 Bxe3 14. Qxe3 Raf8 15. Rad1 Qg6 16. Nd2 b6 17. d4 exd4 18. cxd4 e5 19. dxe5 Nxe5 20. f4 Nd7 21. e5 Re8 22. Nf3 dxe5 23. Nxe5 Qe6 24. Rfe1 Rfe7 25. Qd4 Nxe5 26. Rxe5 Qf6 27. Rxe7 Qxd4+ 28. Rxd4 Rxe7 29. Kf2 Re6 30. g3 Rc6 31. Rd2 Kh7 32. Kf3 Rc4 33. Ke3 Rc6 34. Kf3 Rc4 35. Ke3 b5 1/2-1/2

[Event "Eger Agria op 40th"]
[Site "Eger"]
[Date "2016.07.19"]
[Round "2"]
[White "Hever, Janos"]
[Black "Csontos, Dominik"]
[Result "1/2-1/2"]
[WhiteElo "1683"]
[BlackElo "1619"]
[PlyCount "156"]
[EventDate "2016.07.18"]
[EventType "swiss"]
[EventRounds "8"]
[EventCountry "HUN"]
[SourceTitle "EXT 2020"]
[Source "ChessBase"]
[SourceDate "2019.10.17"]
[SourceVersion "1"]
[SourceVersionDate "2019.10.17"]
[SourceQuality "1"]

1. e4 d5 2. exd5 Qxd5 3. Nc3 Qa5 4. d4 c6 5. d5 Nf6 6. dxc6 Nxc6 7. Bd2 Qb6 8. Na4 Qc7 9. Nf3 Bf5 10. Bd3 Bxd3 11. cxd3 e6 12. 0-0 Bd6 13. Nc3 a6 14. Ne4 Be7 15. Bc3 Qd8 16. Qb3 b5 17. Rad1 0-0 18. Qc2 Nd5 19. a3 Ra7 20. Bxg7 Kxg7 21. Qxc6 Rg8 22. Qc1 Kh8 23. Ne5 Qf8 24. Ng3 Rc7 25. Qd2 Bg5 26. f4 Bf6 27. Rde1 Bh4 28. f5 exf5 29. Rxf5 Bxg3 30. hxg3 Rxg3 31. Qf2 Rg7 32. Rh5 f6 33. d4 Qg8 34. Nd3 Rce7 35. Rh2 Rxe1+ 36. Nxe1 Qe6 37. Nf3 Qe3 38. Qxe3 Nxe3 39. b3 Kg8 40. Ne1 Nf5 41. d5 Rd7 42. Rh5 Ne7 43. Nd3 Rxd5 44. Rxd5 Nxd5 45. Nc5 Nc7 46. Kf2 Kf7 47. Kf3 a5 48. a4 bxa4 49. bxa4 Nd5 50. Nb7 Nb6 51. Nxa5 Nxa4 52. Nc4 Nc5 53. Kf4 Kg6 54. Ne3 Ne6+ 55. Kg4 h5+ 56. Kg3 Kg5 57. Nd1 Nd4 58. Nb2 h4+ 59. Kf2 Kf4 60. Nc4 Nf5 61. Nd2 Ng3 62. Nf3 Ne4+ 63. Kf1 Kg3 64. Ke2 Ng5 65. Ne1 Ne6 66. Kf1 f5 67. Nf3 Nf4 68. Ne1 Nd5 69. Kg1 Ne3 70. Kh1 Kf2 71. Nd3+ Kg3 72. Ne1 f4 73. Kg1 Ng4 74. Nd3 Nf6 75. Ne1 h3 76. gxh3 Kxh3 77. Kf2 Kg4 78. Kg2 Ne4 1/2-1/2

[Event "Eger Agria op 40th"]
[Site "Eger"]
[Date "2016.07.18"]
[Round "1"]
[White "Csontos, Dominik"]
[Black "Psaila, Clarence"]
[Result "1/2-1/2"]
[WhiteElo "1619"]
[BlackElo "2080"]
[PlyCount "83"]
[EventDate "2016.07.18"]
[EventType "swiss"]
[EventRounds "8"]
[EventCountry "HUN"]
[SourceTitle "EXT 2020"]
[Source "ChessBase"]
[SourceDate "2019.10.17"]
[SourceVersion "1"]
[SourceVersionDate "2019.10.17"]
[SourceQuality "1"]

1. e4 e6 2. d4 d5 3. exd5 exd5 4. Nf3 Bd6 5. Bd3 Ne7 6. 0-0 Nbc6 7. c3 Bg4 8. Be3 Qd7 9. Nbd2 0-0-0 10. Qc2 Rde8 11. b4 Kb8 12. a4 Nf5 13. Rfe1 Nxe3 14. fxe3 Re7 15. e4 dxe4 16. Rxe4 Bf5 17. Rxe7 Nxe7 18. Nc4 Bxd3 19. Qxd3 Qf5 20. Qxf5 Nxf5 21. Nxd6 Nxd6 22. Re1 Kc8 23. Kf2 f6 24. Nd2 Kd7 25. d5 Re8 26. Rxe8 Nxe8 27. Ne4 b6 28. Ke3 h6 29. c4 f5 30. Ng3 Nd6 31. c5 bxc5 32. bxc5 g5 33. cxd6 f4+ 34. Ke4 fxg3 35. hxg3 Kxd6 36. Kd4 g4 37. Kc4 c6 38. dxc6 Kxc6 39. Kd4 Kb6 40. Kc4 Ka5 41. Kb3 Ka6 42. Kb4 1/2-1/2

[Event "HUN-chT2 Barcza 1516"]
[Site "Hungary"]
[Date "2015.11.08"]
[Round "4.12"]
[White "Csontos, Dominik"]
[Black "Fazekas, Milan"]
[Result "0-1"]
[WhiteElo "1572"]
[BlackElo "1803"]
[PlyCount "92"]
[EventDate "2015.09.13"]
[EventType "team-tourn"]
[EventRounds "11"]
[EventCountry "HUN"]
[SourceTitle "CBM 170 Extra"]
[Source "ChessBase"]
[SourceDate "2016.02.25"]
[SourceVersion "1"]
[SourceVersionDate "2016.02.25"]
[SourceQuality "1"]
[WhiteTeam "Mezokovesd"]
[BlackTeam "Miskolc KisBocsok"]
[WhiteTeamCountry "HUN"]
[BlackTeamCountry "HUN"]

1. e4 c5 2. c3 d6 3. d4 cxd4 4. cxd4 g6 5. Bc4 Bg7 6. Be3 Nc6 7. Ne2 Nf6 8. Nbc3 Ng4 9. 0-0 0-0 10. Bb3 Nxe3 11. fxe3 e5 12. Qd2 Qg5 13. Rf3 exd4 14. Nd5 dxe3 15. Nxe3 Qe5 16. Nc3 Nd4 17. Rf2 Nxb3 18. axb3 Qd4 19. Qxd4 Bxd4 20. Ncd5 Be6 21. Re2 Bxd5 22. exd5 Rfe8 23. Rae1 Re5 24. Kf1 Bxe3 25. Rxe3 Rxd5 26. Re7 Rb5 27. R1e3 Rc8 28. Re8+ Rxe8 29. Rxe8+ Kg7 30. Re3 Rf5+ 31. Ke2 Re5 32. Rxe5 dxe5 33. Ke3 f5 34. g3 Kf6 35. Kd3 e4+ 36. Kd4 Ke6 37. b4 Kd6 38. b3 b5 39. h3 h5 40. h4 a6 41. Ke3 Ke5 42. Ke2 Kd4 43. Kd2 e3+ 44. Ke2 Ke4 45. Kf1 Kf3 46. Ke1 e2 0-1

[Event "HUN-chT2 Barcza 1516"]
[Site "Hungary"]
[Date "2015.10.18"]
[Round "3.12"]
[White "Csatari, Laszlo"]
[Black "Csontos, Dominik"]
[Result "1/2-1/2"]
[WhiteElo "1742"]
[BlackElo "1572"]
[PlyCount "25"]
[EventDate "2015.09.13"]
[EventType "team-tourn"]
[EventRounds "11"]
[EventCountry "HUN"]
[SourceTitle "CBM 170 Extra"]
[Source "ChessBase"]
[SourceDate "2016.02.25"]
[SourceVersion "1"]
[SourceVersionDate "2016.02.25"]
[SourceQuality "1"]
[WhiteTeam "Debrecen Sakkbaratok"]
[BlackTeam "Mezokovesd"]
[WhiteTeamCountry "HUN"]
[BlackTeamCountry "HUN"]

1. e4 d5 2. exd5 Qxd5 3. Nc3 Qa5 4. d4 c6 5. Nf3 Nf6 6. Bd3 Bg4 7. h3 Bh5 8. Be3 e6 9. a3 Bd6 10. 0-0 Nbd7 11. b4 Qc7 12. Re1 0-0 13. Be2 1/2-1/2

[Event "HUN-chT2 Barcza 1415"]
[Site "Hungary"]
[Date "2014.11.30"]
[Round "5.12"]
[White "Csatari, Laszlo"]
[Black "Csontos, Dominik"]
[Result "1-0"]
[WhiteElo "1611"]
[BlackElo "1570"]
[PlyCount "97"]
[EventDate "2014.09.07"]
[EventType "team-tourn"]
[EventRounds "11"]
[EventCountry "HUN"]
[SourceTitle "EXT 2016"]
[Source "ChessBase"]
[SourceDate "2015.10.08"]
[SourceVersion "1"]
[SourceVersionDate "2015.10.08"]
[SourceQuality "1"]
[WhiteTeam "Debrecen Sakkbaratok"]
[BlackTeam "Mezokovesd"]
[WhiteTeamCountry "HUN"]
[BlackTeamCountry "HUN"]

1. e4 d5 2. exd5 Qxd5 3. Nc3 Qa5 4. d4 c6 5. Nf3 Bf5 6. Ne5 e6 7. g4 Be4 8. Nc4 Bxc2 9. Nxa5 Bxd1 10. Kxd1 b6 11. Nc4 Nf6 12. Ne5 Bd6 13. h3 Nd5 14. Nxd5 exd5 15. Bg2 Bxe5 16. dxe5 Nd7 17. Re1 Nc5 18. Kc2 Ne6 19. Be3 Rc8 20. Rad1 Ke7 21. f4 Rhd8 22. f5 d4 23. fxe6 dxe3 24. Rxd8 Rxd8 25. Rxe3 Kxe6 26. Rd3 Rc8 27. Rd6+ Kxe5 28. Rxc6 Rxc6+ 29. Bxc6 f5 30. gxf5 Kxf5 31. Kd3 g5 32. Be4+ Kf4 33. Bxh7 g4 34. hxg4 Kxg4 35. Kc4 Kf4 36. Kb5 Ke5 37. Ka6 Kd6 38. Kxa7 Kc5 39. Ka6 b5 40. Bd3 b4 41. Ka5 b3 42. axb3 Kc6 43. Ka6 Kc5 44. Ka5 Kc6 45. b4 Kb7 46. Be4+ Ka7 47. b5 Kb8 48. Kb6 Kc8 49. Ka7 1-0